Logos der UEFA Champions League-Siegerteams - Sudden Death - Statistiken

Allgemein
  • Dieses Quiz wurde 2.159 mal gespielt
    626 seit der letzten Aktualisierung
  • Das Durchschnittsergebnis liegt bei 13 aus 23
Answers on the Grid
Answers color-coded by a green-red scale on the quiz's grid according to % correct below.
 
Antwortstatistiken
Antwort % Korrekt
73%
72%
72%
71%
71%
69%
68%
68%
65%
63%
62%
61%
60%
53%
53%
45%
43%
41%
39%
39%
38%
36%
34%
Keine übereinstimmenden Quizze gefunden
Verteilung der Resultate
Anzahl Personen mit jedem Resultat
Perzentil nach korrekt beantworteten Fragen
Ihre Resultats-Entwicklung
Sie haben dieses Quiz seit der letzten Aktualisierung nicht gespielt